Jednotný plán štatistického zisťovania, spracovania a publikovania SEV s časovým rozvrhom úloh

Salvato in:
Dettagli Bibliografici
Natura: Libro
Lingua:slovacco
Pubblicazione: Bratislava Výskumné výpočtové stredisko 1981
Serie:Výskumné práce č. 204
Tags: Aggiungi Tag
Nessun Tag, puoi essere il primo ad aggiungerne!!

MARC

LEADER 00000nam a2200000 4500
001 c126668
005 20041019155238.6
041 0 |a slo 
044 |a SK 
245 1 0 |a Jednotný plán štatistického zisťovania, spracovania a publikovania SEV s časovým rozvrhom úloh 
264 1 |a Bratislava  |b Výskumné výpočtové stredisko  |c 1981 
300 |a 116 s. 
490 1 |a Výskumné práce  |v č. 204 
830 0 |a Výskumné práce  |v č. 204